000 01189nam a2200313 a 4500
001 000114318
003 CHAP
005 20220329144436.0
008 180110s2017 mx a fsm |||||||spa d
010 _a110779
011 _a111751
040 _cCHAP
090 _aTesis
100 1 _aCruz Martínez, Edgar
_9134268
245 1 0 _aAnálisis de lluvias atípicas consecutivas para el diseño del drenaje agrícola en el municipio de Huimanguillo,Tabasco /
_h[En línea]
_cpor Edgar Cruz Martínez.
260 _aChapingo, Méx. :
_bEl autor,
_c2017.
500 _aPara ver el contenido del material haga clic en la liga
502 _aTesis (Ing. en Irrigación) -- UACH. Departamento de Irrigación
590 _aE8697GMM
_b05
_c20180110
_lUCH01
_h1444
590 _aE8697GMM
_b05
_c20180111
_lUCH01
_h1139
650 1 4 _aCuencas hidrográficas
_xInnovaciones tecnológicas.
_9134264
650 1 4 _aEscurrimientos
_xAprovechamiento.
_9131831
650 1 4 _aPrecipitación (Meteorología)
_xTabasco.
_991356
650 1 4 _aSuelos
_xBalance hídrico.
_9110215
856 _aFinding aid
_uhttp://10.13.5.2/tesis/sist114318.pdf
_zTeclea aquí
901 _aBK
942 _cTESIS
942 _n0
999 _c110779
_d110779